| 000 | 00838pam a2200277 a 4500 | ||
|---|---|---|---|
| 001 | 4344656 | ||
| 003 | NUST - PNEC | ||
| 005 | 20170116180853.0 | ||
| 008 | 890818s1989 enka 001 0 eng | ||
| 010 | _a 89022323 | ||
| 020 | _a0408053097 (Butterworth International ed.) | ||
| 020 | _a0408021713 | ||
| 040 |
_aDLC _cLIBRARY _dDLC |
||
| 050 | 0 | 0 |
_aTA658 _b.L38 1989 |
| 082 | 0 | 0 | _a624.1771 LAV |
| 100 | 1 | _aLavan, S. A. | |
| 245 | 1 | 0 |
_aStudent's guide to structural design / _cS.A. Lavan, B.G. Fletcher. |
| 260 |
_aLondon ; _aBoston : _bButterworths, _c1989. |
||
| 300 |
_a105 p. : _bill. ; _c25 cm. |
||
| 500 | _aIncludes index. | ||
| 650 | 0 |
_aStructural design. _xME |
|
| 700 | 1 | _aFletcher, B. G. | |
| 906 |
_a7 _bcbc _corignew _d1 _eocip _f19 _gy-gencatlg |
||
| 942 |
_2ddc _cBK |
||
| 999 |
_c64697 _d64697 |
||